Khí tượng vật lý
Giáo trình đề cập đến các vấn đề như bức xạ khí quyển, quang học khí quyển, chế độ nhiệt của mặt đất và khí quyển, điện học và âm học khí quyển.
Guardado en:
| Autor principal: | |
|---|---|
| Formato: | Libro |
| Lenguaje: | Vietnamese |
| Publicado: |
H.
Đại học quốc gia Hà Nội
2002
|
| Materias: | |
| Etiquetas: |
Agregar Etiqueta
Sin Etiquetas, Sea el primero en etiquetar este registro!
|
| Thư viện lưu trữ: | Thư viện Trường Đại học Nam Cần Thơ |
|---|
| LEADER | 01194nam a22002177a 4500 | ||
|---|---|---|---|
| 001 | NCT_78316 | ||
| 008 | 200421b xxu||||| |||| 00| 0 vie d | ||
| 999 | |c 3819 |d 3819 | ||
| 020 | |c 24500 | ||
| 082 | 0 | 4 | |2 23rd ed. |a 551.52 |b Đ305 |
| 100 | 1 | |a Nguyễn Hướng Điền | |
| 245 | 1 | 0 | |a Khí tượng vật lý |c Nguyễn Hướng Điền |
| 260 | |a H. |b Đại học quốc gia Hà Nội |c 2002 | ||
| 300 | |a 304 tr. |b Minh họa |c 20cm | ||
| 500 | |a ĐTTS ghi: Đại học quốc gia Hà Nội | ||
| 520 | 3 | |a Giáo trình đề cập đến các vấn đề như bức xạ khí quyển, quang học khí quyển, chế độ nhiệt của mặt đất và khí quyển, điện học và âm học khí quyển. | |
| 653 | |a Cơ bản | ||
| 942 | |2 ddc |c BK | ||
| 952 | |0 0 |1 0 |2 ddc |4 0 |6 551_520000000000000_Đ305 |7 0 |9 19432 |a 000001 |b 000001 |d 2020-04-21 |o 551.52 Đ305 |p MD.17086 |r 2020-04-21 |v 24500.00 |w 2020-04-21 |y BK | ||
| 952 | |0 0 |1 0 |2 ddc |4 0 |6 551_520000000000000_Đ305 |7 0 |9 19433 |a 000001 |b 000001 |d 2020-04-21 |o 551.52 Đ305 |p MD.03878 |r 2020-04-21 |v 24500.00 |w 2020-04-21 |y BK | ||
| 980 | |a Thư viện Trường Đại học Nam Cần Thơ | ||